Slovenský vysťahovalec

Bibliographic Details
Format: Newspaper
Language:Slovak
PhysicalDescription:zv.
Published: Pariž Slovenská liga gen. M. R. Štefánika [1935]-[1936]
Subjects:

MARC

LEADER 00000cas a2200000 a 4500
001 vtls001343336
003 SK-MaSNL
005 20260228155746.0
008 980929d19351936fr u|n 0 0b0slo
035 |a SNK000296509 
040 |a SNK  |b slo  |c SNK  |e AACR2 
041 0 |a slo 
044 |a fr  |c FR 
072 7 |a 323  |x Vnútropolitický vývoj, politický život  |2 konspekt 
080 |a 323.15  |2 2011 
080 |a (=162.4)  |2 2011 
080 |a 050  |2 2001 
080 |a 314.15-026.49(051)+(054)  |2 2011 
245 0 0 |a Slovenský vysťahovalec 
260 |a Pariž  |b Slovenská liga gen. M. R. Štefánika  |c [1935]-[1936] 
300 |a zv. 
310 |a Periodicita nie je známa 
362 0 |a [1935]-[1936] 
650 0 7 |a Slováci v zahraničí  |2 SNKPH  |9 14695 
655 7 |a krajanské periodiká  |2 SNKPH  |9 110004 
850 |a Slovenská národná knižnica v Martine 
910 |a snk 
999 |c 450  |d 450 
952 |0 0  |1 0  |4 0  |7 0  |a SNK  |b SNK  |d 1998-09-29  |l 0  |o snkČSA 913/3/1936  |p 17A0163142  |r 2005-01-02 00:00:00  |w 2026-02-21  |y PREZ